000 01940cam a22004574i 4500
003 PE-LiUPU
005 20250731172906.0
008 s2016 txt rb 001 0 eng d
020 _a0802825540
020 _a9780802825544
035 _a(Sirsi) a166535
040 _aPE-LiUPU
049 _aPRUA
082 0 4 _a228.07
_bT48
_223
100 1 _aThomas, John Christopher.,
_eautor.
245 1 0 _aRevelation :
_bthe two horizons new testament commentary /
_cJohn Christopher Thomas.
264 _aGrand Rapids, Michigan :
_bWilliam B. Eerdmans Publishing Company,
_c2016.
300 _a670 páginas ;
_c24 centimetros.
336 _atext
_2rdacontent
337 _aunmediated
_2rdamedia
338 _avolume
_2rdacarrier
504 _aBibliografías 625-636.
505 0 4 _aIntroduction. Structure and nature of the book -- Audience -- Date -- Authorship -- Revelation and its streams of influence: The history of effects. Commentary. "In the Spirit on the Lord's Day" (1:9-3:22) -- "In the Spirit in heaven (4:1-16:21) -- "In the Spirit" -- Carried to a wilderness -- "In the spirit" -- Carried to a great high mountain: The description of the New Jerusalem (21:9-22:5). Theological horizons of Revelation. God -- Christ -- Holy Spirit -- Church -- Salvation -- Eschatology.
526 _aSEG42
526 _aSEG41
526 _aSEG40
526 _aSEG39
526 _aP94
526 _aP87
526 _aP86
526 _aP85
526 _aP77
526 _aP76
526 _aP35
650 0 4 _aBiblia.
_pN.T.
_pApocalipsis
_vComentarios.
700 1 _aMacchia, Frank D.,
_eautor.
596 _a1
942 _2ddc
_cBOOK
999 _a228.07 T48
_wLC
_c15279
_i75286
_d15279
_e2017-7-26
_f2021-11-9
_g5
_lCCODEBUL1
_mBUL
_n8
_p23.37
_q12
_r0
_sY
_tBOOK
_u2017-1-26
_xTEOLOGIA
_PP85
_0COMPRA
_o.STAFF. Colección Teología
980 _81
_gALBERTO SANCHEZ Responsable de Automatización